<?xml version="1.0" encoding="UTF-8"?>
<marc:record xmlns:marc="http://www.loc.gov/MARC21/slim">
   <marc:leader>00000nam a2200000 a 4500</marc:leader>
   <marc:datafield ind1="1" ind2=" " tag="100">
      <marc:subfield code="a">Wenzel, Paul</marc:subfield>
      <marc:subfield code="4">aut</marc:subfield>
      <marc:subfield code="e">Verfasser/-in</marc:subfield>
   </marc:datafield>
   <marc:datafield ind1=" " ind2=" " tag="653">
      <marc:subfield code="a">Umweltzerstörung</marc:subfield>
   </marc:datafield>
   <marc:datafield ind1=" " ind2=" " tag="653">
      <marc:subfield code="a">Literatur</marc:subfield>
   </marc:datafield>
   <marc:datafield ind1=" " ind2=" " tag="653">
      <marc:subfield code="a">Verse</marc:subfield>
   </marc:datafield>
   <marc:datafield ind1="0" ind2="0" tag="245">
      <marc:subfield code="a">Die Riesen ohne Herz und Maß. Verse zur Rettung der Umwelt.</marc:subfield>
   </marc:datafield>
   <marc:datafield ind1=" " ind2="1" tag="264">
      <marc:subfield code="a">St. Michael</marc:subfield>
      <marc:subfield code="b">Bläschke</marc:subfield>
      <marc:subfield code="c">1984</marc:subfield>
   </marc:datafield>
   <marc:datafield ind1="1" ind2=" " tag="520">
      <marc:subfield code="a">Der Autor hat die Gefährdung der Umwelt als eines der drängenden Probleme unserer Zeit in Verse gefaßt. In Form von realistischen Zustandsschilderungen, Satiren, Mahnungen, Aufrufen und Lösungsvorderungen ist ein vielfältiger, an Gedanken reicher Gedichtzyklus entstanden, der jeden zu gewissenhaftem Verhalten erziehen sollte. Wenzel spricht v.a. die Vernunft und das Verantwortungsbewußtsein an, für die Erhaltung einer nicht mißbrauchten Umwelt Sorge zu tragen.</marc:subfield>
   </marc:datafield>
   <marc:datafield ind1="0" ind2=" " tag="490">
      <marc:subfield code="v">0</marc:subfield>
   </marc:datafield>
   <marc:datafield ind1=" " ind2=" " tag="300">
      <marc:subfield code="a">83 S.</marc:subfield>
   </marc:datafield>
</marc:record>
